Loading...
| Science - Other | 0 | 5 | 0 | 1 | 50 | 40 | 68.00 | 0 | 2 | 0.00 | 0.00 |
| History - Other | 0 | 3 | 0 | 0 | 30 | 36 | 47.67 | 1 | 3 | 0.00 | 0.00 |
| Fine Arts - Other | 0 | 2 | 0 | 0 | 20 | 57 | 63.00 | 1 | 1 | 0.00 | 0.00 |
| Religion | 0 | 2 | 0 | 0 | 20 | 73 | 78.00 | 1 | 2 | 0.00 | 0.00 |
| Social Science | 0 | 2 | 0 | 0 | 20 | 49 | 73.50 | 1 | 2 | 0.00 | 0.00 |
| Science - Physics | 0 | 2 | 1 | 1 | 15 | 61 | 83.00 | 0 | 1 | 0.00 | 0.00 |
| Mythology | 0 | 2 | 1 | 0 | 15 | 70 | 87.50 | 0 | 1 | 0.00 | 0.00 |
| Pop Culture | 0 | 1 | 0 | 0 | 10 | 142 | 142.00 | 0 | 0 | 0.00 | 0.00 |
| Science - Biology | 0 | 1 | 0 | 0 | 10 | 69 | 69.00 | 0 | 1 | 0.00 | 0.00 |
| Geography/Current Events | 0 | 1 | 0 | 0 | 10 | 53 | 53.00 | 1 | 1 | 0.00 | 0.00 |
| Literature - European | 0 | 1 | 0 | 0 | 10 | 99 | 99.00 | 0 | 1 | 0.00 | 0.00 |
| Philosophy | 0 | 1 | 0 | 0 | 10 | 58 | 58.00 | 1 | 1 | 0.00 | 0.00 |
| History - American | 0 | 1 | 2 | 0 | 0 | 90 | 90.00 | 1 | 1 | 0.00 | 0.00 |